TOP 60 Comuni più popolosi della Provincia di Trento - Statistics

Statistiche generali
  • Questo quiz è stato fatto 12 volte
  • Il punteggio medio è 22 su 60
Statistiche sulle risposte
Hint Risposta % Corretto
40.297 Rovereto
100%
118.911 Trento
100%
17.654 Arco
89%
17.787 Riva del garda
89%
5.485 Mezzocorona
78%
7.699 Mezzolombardo
78%
3.998 Cavalese
67%
7.396 Cles
67%
9.213 Lavis
67%
2.764 Nago-Torbole
67%
21.592 Pergine Valsugana
67%
4.491 Predazzo
67%
8.860 Ala
56%
4.108 Avio
56%
7.147 Borgo Valsugana
56%
2.575 Moena
56%
10.271 Mori
56%
3.075 Pinzolo
56%
3.364 Aldeno
44%
5.280 Baselga di Piné
44%
2.589 Borgo d'Anaunia
44%
4.165 Civezzano
44%
5.095 Dro
44%
5.432 Ledro
44%
2.284 Malé
44%
3.562 Novella
44%
4.507 Storo
44%
2.064 Tenno
44%
3.675 Tione di Trento
44%
2.818 Besenello
33%
4.134 Brentonico
33%
4.020 Caldonazzo
33%
3.160 Folgaria
33%
4.128 San Michele all'Adige
33%
2.067 Calliano
22%
3.083 Cavedine
22%
8.288 Levico Terme
22%
2.982 Madruzzo
22%
3.887 Villa Lagarina
22%
5.152 Altopiano della Vigolana
11%
2.322 Castello-Molina di Fiemme
11%
2.349 Cembra Lisignago
11%
3.014 Comano Terme
11%
2.132 Dimaro Folgarida
11%
2.842 Isera
11%
2.067 Nogaredo
11%
2.445 Pomarolo
11%
7.000 Predaia
11%
3.647 San Giovanni di Fassa
11%
2.982 Tesero
11%
5.249 Vallelaghi
11%
4.663 Ville d'Anaunia
11%
3.153 Volano
11%
3.271 Castel Ivano
0%
2.516 Giovo
0%
4.979 Primiero San Martino di Castrozza
0%
2.963 Roncegno Terme
0%
2.962 Sella Giudicarie
0%
3.125 Terre d'Adige
0%
2.646 Ville di Fiemme
0%
Nessun quiz corrispondente trovato
Distribuzione punteggi
Percentuale di utenti per punteggio
Percentile per numero di risposta
I tuoi punteggi nel tempo
Non hai fatto questo quiz